[Event "9th Bangabandhu Blitz Men 2021"]
[Site "Dhaka"]
[Date "2021.04.03"]
[Round "4.7"]
[White "Avik, Sarker"]
[Black "Islam, Khandaker Aminul"]
[Result "0-1"]
[WhiteElo "2035"]
[BlackElo "2210"]
[Annotator "NA"]
[PlyCount "128"]
[EventDate "2021.04.02"]
[EventType "swiss"]
[EventCountry "BAN"]
[SourceTitle "playchess.com"]
[Source "ChessBase"]
[SourceQuality "1"]
[TimeControl "1500+10"]

1. d4 {[%emt 0:22:08]} Nf6 {[%emt 0:22:08]} 2. Bf4 {[%emt 0:00:10]} e6 {[%emt 0:00:14]} 3. e3 {[%emt 0:00:09]} c5 {[%emt 0:00:09]} 4. c3 {[%emt 0:00:10]} b6 {[%emt 0:00:12]} 5. Nd2 {[%emt 0:00:10]} Be7 {[%emt 0:00:10]} 6. Ngf3 {[%emt 0:00:11]} O-O {[%emt 0:00:13]} 7. Bd3 {[%emt 0:00:13]} Ba6 {[%emt 0:00:10]} 8. Bxa6 {[%emt 0:00:12]} Nxa6 {[%emt 0:00:09]} 9. Qe2 {[%emt 0:00:11]} Qc8 {[%emt 0:00:26]} 10. h3 {[%emt 0:00:17]} Qb7 {[%emt 0:00:18]} 11. O-O {[%emt 0:00:13]} b5 {[%emt 0:00:10]} 12. a3 {[%emt 0:00:24]} d6 {[%emt 0:00:12]} 13. b4 {[%emt 0:00:16]} Nd5 {[%emt 0:00:21]} 14. Qd3 {[%emt 0:00:43]} Nxf4 {[%emt 0:00:17]} 15. exf4 {[%emt 0:00:09]} Nc7 {[%emt 0:00:09]} 16. bxc5 {[%emt 0:00:49]} dxc5 {[%emt 0:00:09]} 17. Qe4 {[%emt 0:00:41]} Qd5 {[%emt 0:00:20]} 18. Qxd5 {[%emt 0:00:24]} Nxd5 {[%emt 0:00:09]} 19. dxc5 {[%emt 0:00:19]} Bxc5 {[%emt 0:00:21]} 20. Ne4 {[%emt 0:00:10]} Rac8 {[%emt 0:00:17]} 21. g3 {[%emt 0:00:19]} Be7 {[%emt 0:00:17]} 22. Rfc1 {[%emt 0:00:15]} Rc4 {[%emt 0:00:18]} 23. Nfd2 {[%emt 0:00:13]} Rc7 {[%emt 0:00:15]} 24. c4 {[%emt 0:00:09]} Rfc8 {[%emt 0:00:11]} 25. Kf1 {[%emt 0:00:12]} bxc4 {[%emt 0:00:10]} 26. Ke2 {[%emt 0:00:09]} c3 {[%emt 0:00:15]} 27. Nb3 {[%emt 0:00:10]} f5 {[%emt 0:00:14]} 28. Ng5 {[%emt 0:00:11]} Bxg5 {[%emt 0:00:11]} 29. fxg5 {[%emt 0:00:08]} e5 {[%emt 0:00:16]} 30. Rc2 {[%emt 0:00:09]} Rc4 {[%emt 0:00:18]} 31. Rac1 {[%emt 0:00:10]} Ra4 {[%emt 0:00:13]} 32. f4 {[%emt 0:00:12]} exf4 {[%emt 0:00:12]} 33. gxf4 {[%emt 0:00:09]} Nxf4+ {[%emt 0:00:11]} 34. Kf3 {[%emt 0:00:09]} Nd5 {[%emt 0:00:26]} 35. Rd1 {[%emt 0:00:09]} Rxa3 {[%emt 0:00:31]} 36. Rxd5 {[%emt 0:00:10]} Rxb3 {[%emt 0:00:08]} 37. Ra5 {[%emt 0:00:10]} Rc7 {[%emt 0:00:10]} 38. Raa2 {[%emt 0:00:10]} Kf7 {[%emt 0:00:09]} 39. Kf4 {[%emt 0:00:10]} Kg6 {[%emt 0:00:14]} 40. Ra6+ {[%emt 0:00:09]} Rb6 {[%emt 0:00:08]} 41. Ra3 {[%emt 0:00:18]} Rc4+ {[%emt 0:00:13]} 42. Kf3 {[%emt 0:00:03]} a6 {[%emt 0:00:10]} 43. Raxc3 {[%emt 0:00:10]} Rxc3+ {[%emt 0:00:09]} 44. Rxc3 {[%emt 0:00:09]} Kxg5 {[%emt 0:00:09]} 45. Rc7 {[%emt 0:00:10]} Rb3+ {[%emt 0:00:12]} 46. Kg2 {[%emt 0:00:10]} Rb2+ {[%emt 0:00:18]} 47. Kf3 {[%emt 0:00:10]} Kh6 {[%emt 0:00:10]} 48. Rc6+ {[%emt 0:00:11]} g6 {[%emt 0:00:09]} 49. Rxa6 {[%emt 0:00:09]} Kg5 {[%emt 0:00:09]} 50. Ra7 {[%emt 0:00:11]} h6 {[%emt 0:00:10]} 51. Ra4 {[%emt 0:00:10]} Rb3+ {[%emt 0:00:10]} 52. Kg2 {[%emt 0:00:09]} Kh5 {[%emt 0:00:10]} 53. Rc4 {[%emt 0:00:10]} g5 {[%emt 0:00:09]} 54. Ra4 {[%emt 0:00:11]} f4 {[%emt 0:00:09]} 55. Rc4 {[%emt 0:00:10]} Kh4 {[%emt 0:00:09]} 56. Rc6 {[%emt 0:00:11]} h5 {[%emt 0:00:11]} 57. Rh6 {[%emt 0:00:12]} Rg3+ {[%emt 0:00:12]} 58. Kf2 {[%emt 0:00:09]} Rxh3 {[%emt 0:00:09]} 59. Rd6 {[%emt 0:00:10]} g4 {[%emt 0:00:10]} 60. Rd4 {[%emt 0:00:10]} f3 {[%emt 0:00:10]} 61. Ra4 {[%emt 0:00:11]} Rh2+ {[%emt 0:00:10]} 62. Kg1 {[%emt 0:00:09]} Rb2 {[%emt 0:00:09]} 63. Ra3 {[%emt 0:00:12]} Kg3 {[%emt 0:00:10]} 64. Ra1 {[%emt 0:00:09]} h4 {[%emt 0:00:09]} 0-1

[Event "9th Bangabandhu Blitz Men 2021"]
[Site "Dhaka"]
[Date "2021.04.03"]
[Round "4.8"]
[White "Rahman, Taibur"]
[Black "Manon, Reja Neer"]
[Result "1-0"]
[WhiteElo "2189"]
[BlackElo "2112"]
[Annotator "NA"]
[PlyCount "67"]
[EventDate "2021.04.02"]
[EventType "swiss"]
[EventCountry "BAN"]
[SourceTitle "playchess.com"]
[Source "ChessBase"]
[SourceQuality "1"]
[TimeControl "1500+10"]

1. d4 {[%emt 0:22:07]} Nf6 {[%emt 0:22:06]} 2. c4 {[%emt 0:00:11]} e6 {[%emt 0:00:09]} 3. Nf3 {[%emt 0:00:09]} d5 {[%emt 0:00:09]} 4. Nc3 {[%emt 0:00:11]} Be7 {[%emt 0:00:09]} 5. cxd5 {[%emt 0:00:09]} exd5 {[%emt 0:00:09]} 6. Bg5 {[%emt 0:00:10]} c6 {[%emt 0:00:09]} 7. Qc2 {[%emt 0:00:09]} Be6 {[%emt 0:00:10]} 8. e3 {[%emt 0:00:09]} Nbd7 {[%emt 0:00:09]} 9. Bd3 {[%emt 0:00:09]} O-O {[%emt 0:00:09]} 10. O-O {[%emt 0:00:10]} Re8 {[%emt 0:00:10]} 11. Rab1 {[%emt 0:00:12]} h6 {[%emt 0:00:09]} 12. Bh4 {[%emt 0:00:13]} Rc8 {[%emt 0:00:09]} 13. b4 {[%emt 0:00:10]} a5 {[%emt 0:00:19]} 14. a3 {[%emt 0:00:26]} axb4 {[%emt 0:00:20]} 15. axb4 {[%emt 0:00:09]} Qc7 {[%emt 0:00:33]} 16. Rfc1 {[%emt 0:00:18]} Bd6 {[%emt 0:00:19]} 17. Bg3 {[%emt 0:00:21]} Bg4 {[%emt 0:00:21]} 18. Nb5 cxb5 {[%emt 0:00:19]} 19. Qxc7 {[%emt 0:00:40]} Rxc7 {[%emt 0:00:51]} 20. Bxd6 {[%emt 0:00:22]} Rc6 {[%emt 0:00:44]} 21. Rxc6 {[%emt 0:00:30]} bxc6 {[%emt 0:00:14]} 22. Rc1 {[%emt 0:00:09]} Re6 {[%emt 0:00:33]} 23. Rxc6 {[%emt 0:00:29]} Ne8 {[%emt 0:00:08]} 24. Rc8 {[%emt 0:00:14]} Nb6 {[%emt 0:00:23]} 25. Rd8 {[%emt 0:00:22]} Nc4 {[%emt 0:00:09]} 26. Bc5 {[%emt 0:00:14]} g6 {[%emt 0:00:13]} 27. h3 {[%emt 0:00:10]} Bxf3 {[%emt 0:00:09]} 28. gxf3 {[%emt 0:00:09]} Kg7 {[%emt 0:00:11]} 29. Rxd5 {[%emt 0:00:10]} Nc7 {[%emt 0:00:10]} 30. Rd7 {[%emt 0:00:10]} Na6 {[%emt 0:00:09]} 31. Rb7 {[%emt 0:00:10]} Nb2 {[%emt 0:00:14]} 32. Bxb5 {[%emt 0:00:10]} Nxc5 {[%emt 0:00:09]} 33. bxc5 {[%emt 0:00:09]} Nd1 {[%emt 0:00:10]} 34. c6 {[%emt 0:00:10]} 1-0

[Event "9th Bangabandhu Blitz Men 2021"]
[Site "Dhaka"]
[Date "2021.04.03"]
[Round "5.1"]
[White "Hossain, Enamul"]
[Black "Reefat, Bin-Sattar"]
[Result "1-0"]
[WhiteElo "2404"]
[BlackElo "2401"]
[Annotator "ChessBase"]
[PlyCount "93"]
[EventDate "2021.04.02"]
[EventType "swiss"]
[EventCountry "BAN"]
[SourceTitle "playchess.com"]
[Source "ChessBase"]
[SourceQuality "1"]
[TimeControl "1500+10"]

1. e4 {[%emt 0:22:08]} e6 {[%emt 0:22:15]} 2. d4 {[%emt 0:00:09]} d5 {[%emt 0:00:08]} 3. Nc3 {[%emt 0:00:10]} Nf6 {[%emt 0:00:10]} 4. e5 {[%emt 0:00:10]} Nfd7 {[%emt 0:00:09]} 5. Nce2 {[%emt 0:00:10]} c5 {[%emt 0:00:09]} 6. c3 {[%emt 0:00:09]} Nc6 {[%emt 0:00:12]} 7. Nf3 {[%emt 0:00:10]} Qb6 {[%emt 0:00:25]} 8. a3 {[%emt 0:00:12]} cxd4 {[%emt 0:00:26]} 9. cxd4 {[%emt 0:00:11]} Na5 {[%emt 0:00:10]} 10. b4 {[%emt 0:00:44]} Nc4 {[%emt 0:00:09]} 11. Rb1 {[%emt 0:00:10]} a5 {[%emt 0:00:18]} 12. Nf4 {[%emt 0:00:22]} axb4 {[%emt 0:00:11]} 13. Bxc4 {[%emt 0:00:11]} dxc4 {[%emt 0:00:10]} 14. axb4 {[%emt 0:00:22]} Bxb4+ {[%emt 0:00:15]} 15. Kf1 {[%emt 0:00:10]} Qa5 {[%emt 0:00:20]} 16. d5 {[%emt 0:00:26]} Nc5 {[%emt 0:00:23]} 17. Qd4 {[%emt 0:00:19]} Bd7 {[%emt 0:00:22]} 18. Kg1 {[%emt 0:01:47]} b5 {[%emt 0:00:27]} 19. Be3 {[%emt 0:00:10]} Nb3 {[%emt 0:00:17]} 20. Qe4 {[%emt 0:00:00]} Rc8 {[%emt 0:00:16]} 21. h4 {[%emt 0:00:00]} Nc5 {[%emt 0:00:19]} 22. Bxc5 Bxc5 {[%emt 0:00:09]} 23. Ng5 {[%emt 0:00:00]} Qd2 {[%emt 0:00:20]} 24. Rf1 {[%emt 0:00:09]} exd5 {[%emt 0:01:00]} 25. Qf3 {[%emt 0:00:27]} h6 {[%emt 0:00:00]} 26. Nxf7 {[%emt 0:00:14]} Kxf7 {[%emt 0:00:00]} 27. e6+ {[%emt 0:00:22]} Bxe6 {[%emt 0:00:00]} 28. Qh5+ {[%emt 0:00:08]} Ke7 {[%emt 0:00:10]} 29. Nxe6 {[%emt 0:00:12]} Kxe6 {[%emt 0:00:12]} 30. Qg6+ {[%emt 0:00:09]} Kd7 {[%emt 0:00:10]} 31. Qxg7+ {[%emt 0:00:19]} Be7 {[%emt 0:00:10]} 32. Rh3 {[%emt 0:00:00]} Rhg8 {[%emt 0:00:10]} 33. Qh7 {[%emt 0:00:11]} Rcf8 {[%emt 0:00:10]} 34. Re3 {[%emt 0:00:10]} Qb4 {[%emt 0:00:13]} 35. Qxh6 {[%emt 0:00:09]} Qd6 {[%emt 0:00:11]} 36. Qh5 {[%emt 0:00:10]} Rf4 {[%emt 0:00:13]} 37. Rfe1 {[%emt 0:00:09]} Bd8 {[%emt 0:00:11]} 38. Qh7+ {[%emt 0:00:10]} Kc6 {[%emt 0:00:12]} 39. Qxg8 {[%emt 0:00:21]} Rxh4 {[%emt 0:00:15]} 40. Re6 {[%emt 0:00:00]} Bc7 {[%emt 0:00:16]} 41. Qe8+ {[%emt 0:00:06]} Kc5 {[%emt 0:00:09]} 42. Rxd6 {[%emt 0:00:11]} Bxd6 {[%emt 0:00:09]} 43. Qc8+ {[%emt 0:00:11]} Kd4 {[%emt 0:00:09]} 44. Qd8 {[%emt 0:00:09]} Rh6 {[%emt 0:00:13]} 45. Qg5 {[%emt 0:00:11]} Bh2+ {[%emt 0:00:12]} 46. Kf1 {[%emt 0:00:09]} Rh7 {[%emt 0:00:15]} 47. Qe3# {[%emt 0:00:09]} 1-0

[Event "9th Bangabandhu Blitz Men 2021"]
[Site "Dhaka"]
[Date "2021.04.03"]
[Round "5.2"]
[White "Rahman, Ziaur"]
[Black "Rahman, Taibur"]
[Result "1-0"]
[WhiteElo "2432"]
[BlackElo "2189"]
[Annotator "ChessBase"]
[PlyCount "64"]
[EventDate "2021.04.02"]
[EventType "swiss"]
[EventCountry "BAN"]
[SourceTitle "playchess.com"]
[Source "ChessBase"]
[SourceQuality "1"]
[TimeControl "1500+10"]

1. d4 {[%emt 0:22:07]} d5 {[%emt 0:22:07]} 2. Nf3 {[%emt 0:00:10]} c5 {[%emt 0:00:11]} 3. e3 {[%emt 0:00:15]} e6 {[%emt 0:00:13]} 4. c3 {[%emt 0:00:26]} Nf6 {[%emt 0:00:13]} 5. Nbd2 {[%emt 0:00:10]} Nc6 {[%emt 0:00:09]} 6. Bd3 {[%emt 0:00:11]} Bd6 {[%emt 0:00:15]} 7. dxc5 {[%emt 0:00:12]} Bxc5 {[%emt 0:00:09]} 8. b4 {[%emt 0:00:09]} Be7 {[%emt 0:00:11]} 9. Bb2 {[%emt 0:00:12]} O-O {[%emt 0:00:10]} 10. O-O {[%emt 0:00:09]} a6 {[%emt 0:00:41]} 11. a4 {[%emt 0:00:18]} Bd7 {[%emt 0:00:14]} 12. e4 {[%emt 0:00:16]} Qc7 {[%emt 0:00:27]} 13. Qe2 {[%emt 0:00:33]} Rfd8 {[%emt 0:00:56]} 14. e5 {[%emt 0:00:20]} Ng4 {[%emt 0:00:16]} 15. Rfe1 {[%emt 0:00:12]} Be8 {[%emt 0:00:25]} 16. h3 {[%emt 0:00:12]} Nh6 {[%emt 0:00:08]} 17. g4 {[%emt 0:00:24]} g6 {[%emt 0:00:22]} 18. Nb3 {[%emt 0:00:17]} Bf8 {[%emt 0:00:13]} 19. Bc1 {[%emt 0:00:12]} Kh8 {[%emt 0:00:14]} 20. Bg5 {[%emt 0:00:11]} Rdc8 {[%emt 0:00:15]} 21. Rac1 {[%emt 0:00:13]} Ng8 {[%emt 0:00:10]} 22. Kg2 {[%emt 0:00:13]} Bg7 {[%emt 0:00:09]} 23. a5 {[%emt 0:00:20]} Na7 {[%emt 0:00:15]} 24. Nbd4 {[%emt 0:00:11]} Nc6 {[%emt 0:00:10]} 25. h4 {[%emt 0:00:13]} Nxd4 {[%emt 0:00:18]} 26. cxd4 {[%emt 0:01:14]} Qd7 27. h5 {[%emt 0:00:00]} Rxc1 {[%emt 0:00:18]} 28. Bxc1 {[%emt 0:00:00]} Rc8 {[%emt 0:00:14]} 29. Rh1 {[%emt 0:00:00]} Ne7 {[%emt 0:00:15]} 30. hxg6 {[%emt 0:00:00]} fxg6 {[%emt 0:00:10]} 31. Ng5 {[%emt 0:00:00]} h6 {[%emt 0:00:17]} 32. Nf3 {[%emt 0:00:07]} Kg8 {[%emt 0:00:00]} 1-0

[Event "9th Bangabandhu Blitz Men 2021"]
[Site "Dhaka"]
[Date "2021.04.03"]
[Round "5.3"]
[White "Islam, Khandaker Aminul"]
[Black "Mollah Abdullah, Al Rakib"]
[Result "0-1"]
[WhiteElo "2210"]
[BlackElo "2464"]
[Annotator "ChessBase"]
[PlyCount "56"]
[EventDate "2021.04.02"]
[EventType "swiss"]
[EventCountry "BAN"]
[SourceTitle "playchess.com"]
[Source "ChessBase"]
[SourceQuality "1"]
[TimeControl "1500+10"]

1. d4 {[%emt 0:22:07]} g6 {[%emt 0:22:07]} 2. Nf3 {[%emt 0:00:11]} Bg7 {[%emt 0:00:09]} 3. c3 {[%emt 0:00:11]} d6 {[%emt 0:00:12]} 4. h3 {[%emt 0:00:12]} Nd7 {[%emt 0:00:11]} 5. Bg5 {[%emt 0:00:17]} h6 {[%emt 0:03:11]} 6. Bh4 g5 {[%emt 0:00:00]} 7. Bg3 {[%emt 0:00:17]} e6 {[%emt 0:00:00]} 8. Nbd2 {[%emt 0:00:18]} f5 {[%emt 0:00:00]} 9. e3 {[%emt 0:00:10]} Ngf6 {[%emt 0:00:00]} 10. Bc4 {[%emt 0:00:11]} Qe7 {[%emt 0:00:00]} 11. a4 {[%emt 0:00:21]} a5 {[%emt 0:00:00]} 12. Qc2 {[%emt 0:00:41]} b6 {[%emt 0:00:00]} 13. Qb3 {[%emt 0:00:20]} e5 {[%emt 0:00:00]} 14. O-O-O {[%emt 0:00:23]} e4 {[%emt 0:01:30]} 15. Ng1 {[%emt 0:01:51]} Nf8 {[%emt 0:00:00]} 16. f3 {[%emt 0:00:10]} Bb7 {[%emt 0:00:00]} 17. fxe4 {[%emt 0:00:00]} Nxe4 {[%emt 0:00:00]} 18. Nxe4 {[%emt 0:00:00]} Bxe4 {[%emt 0:00:00]} 19. Nf3 {[%emt 0:00:00]} O-O-O {[%emt 0:00:00]} 20. Rhe1 {[%emt 0:00:00]} Kb8 {[%emt 0:00:14]} 21. Re2 {[%emt 0:00:02]} Ng6 {[%emt 0:00:21]} 22. Nd2 {[%emt 0:00:11]} Bb7 {[%emt 0:00:13]} 23. Bf7 {[%emt 0:00:29]} Qf6 {[%emt 0:00:16]} 24. Qe6 {[%emt 0:00:14]} Qxe6 {[%emt 0:00:12]} 25. Bxe6 {[%emt 0:00:09]} Rhf8 {[%emt 0:00:10]} 26. Rf2 {[%emt 0:00:14]} Ne7 {[%emt 0:00:25]} 27. h4 {[%emt 0:00:31]} Rf6 {[%emt 0:00:11]} 28. Bb3 {[%emt 0:00:00]} Rdf8 {[%emt 0:00:10]} 0-1

[Event "9th Bangabandhu Blitz Men 2021"]
[Site "Dhaka"]
[Date "2021.04.03"]
[Round "5.4"]
[White "Subrota, Biswas"]
[Black "Mohammad Minhaz Uddin"]
[Result "1/2-1/2"]
[WhiteElo "2256"]
[BlackElo "2281"]
[Annotator "NA"]
[PlyCount "51"]
[EventDate "2021.04.02"]
[EventType "swiss"]
[EventCountry "BAN"]
[SourceTitle "playchess.com"]
[Source "ChessBase"]
[SourceQuality "1"]
[TimeControl "1500+10"]

1. d4 {[%emt 0:22:08]} Nf6 {[%emt 0:22:07]} 2. c4 {[%emt 0:00:10]} e6 {[%emt 0:00:09]} 3. Nf3 {[%emt 0:00:10]} Bb4+ {[%emt 0:00:10]} 4. Bd2 {[%emt 0:00:10]} a5 {[%emt 0:00:13]} 5. Nc3 {[%emt 0:00:19]} b6 {[%emt 0:00:10]} 6. e3 {[%emt 0:00:16]} Bb7 {[%emt 0:00:09]} 7. Be2 {[%emt 0:00:12]} O-O {[%emt 0:00:10]} 8. O-O {[%emt 0:00:10]} Bxc3 {[%emt 0:00:24]} 9. Bxc3 {[%emt 0:00:09]} Ne4 {[%emt 0:00:09]} 10. Be1 {[%emt 0:00:08]} f5 {[%emt 0:00:10]} 11. Nd2 {[%emt 0:00:19]} Nxd2 {[%emt 0:00:18]} 12. Qxd2 {[%emt 0:00:13]} Qg5 {[%emt 0:00:20]} 13. f3 {[%emt 0:00:12]} f4 {[%emt 0:00:16]} 14. e4 {[%emt 0:00:20]} d6 {[%emt 0:00:10]} 15. Rc1 {[%emt 0:00:23]} Nd7 {[%emt 0:00:10]} 16. Bf2 {[%emt 0:00:21]} Rad8 {[%emt 0:00:57]} 17. c5 {[%emt 0:00:15]} dxc5 {[%emt 0:00:13]} 18. dxc5 {[%emt 0:00:10]} Nxc5 {[%emt 0:00:35]} 19. Qc2 {[%emt 0:00:09]} Bxe4 {[%emt 0:00:50]} 20. fxe4 {[%emt 0:00:16]} f3 {[%emt 0:00:08]} 21. Bxf3 {[%emt 0:00:13]} Rxf3 {[%emt 0:00:14]} 22. Bg3 {[%emt 0:00:48]} Qe3+ {[%emt 0:00:17]} 23. Bf2 {[%emt 0:00:12]} Qg5 {[%emt 0:00:11]} 24. Bg3 {[%emt 0:00:09]} Qe3+ {[%emt 0:00:19]} 25. Bf2 {[%emt 0:00:11]} Qg5 {[%emt 0:00:12]} 26. Bg3 {[%emt 0:00:14]} 1/2-1/2

[Event "9th Bangabandhu Blitz Men 2021"]
[Site "Dhaka"]
[Date "2021.04.03"]
[Round "5.5"]
[White "Mohammad Fahad, Rahman"]
[Black "Zia, Tahsin Tajwar"]
[Result "1-0"]
[WhiteElo "2321"]
[BlackElo "2170"]
[Annotator "NA"]
[PlyCount "67"]
[EventDate "2021.04.02"]
[EventType "swiss"]
[EventCountry "BAN"]
[SourceTitle "playchess.com"]
[Source "ChessBase"]
[SourceQuality "1"]
[TimeControl "1500+10"]

1. e4 {[%emt 0:22:08]} c6 {[%emt 0:22:06]} 2. d4 {[%emt 0:03:12]} d5 {[%emt 0:00:08]} 3. e5 {[%emt 0:00:00]} Bf5 {[%emt 0:00:09]} 4. h4 {[%emt 0:00:00]} h5 {[%emt 0:00:10]} 5. c4 {[%emt 0:00:00]} e6 {[%emt 0:00:11]} 6. Nc3 {[%emt 0:00:00]} dxc4 {[%emt 0:00:17]} 7. Bxc4 {[%emt 0:00:00]} Ne7 {[%emt 0:00:11]} 8. Nge2 {[%emt 0:00:00]} Nd7 {[%emt 0:00:24]} 9. Ng3 {[%emt 0:00:00]} Bg6 {[%emt 0:00:13]} 10. Bg5 {[%emt 0:00:00]} Qb6 {[%emt 0:00:26]} 11. O-O {[%emt 0:00:00]} Nf5 {[%emt 0:00:13]} 12. Nxf5 {[%emt 0:00:00]} Bxf5 {[%emt 0:00:09]} 13. Ne2 {[%emt 0:00:04]} a5 {[%emt 0:02:33]} 14. Ng3 {[%emt 0:00:28]} g6 {[%emt 0:00:10]} 15. Nxf5 {[%emt 0:00:32]} gxf5 {[%emt 0:00:10]} 16. Be2 {[%emt 0:00:10]} Be7 {[%emt 0:00:00]} 17. Be3 {[%emt 0:00:32]} Qc7 {[%emt 0:00:00]} 18. Rc1 {[%emt 0:00:15]} Nb6 {[%emt 0:00:06]} 19. g3 {[%emt 0:00:17]} Nd5 {[%emt 0:00:09]} 20. Qd3 {[%emt 0:00:20]} Qd7 {[%emt 0:00:15]} 21. Bf3 {[%emt 0:00:12]} Rg8 {[%emt 0:00:13]} 22. Kh2 {[%emt 0:00:15]} Qd8 {[%emt 0:00:10]} 23. Kh3 {[%emt 0:00:15]} Qb6 {[%emt 0:00:13]} 24. Bd2 {[%emt 0:00:12]} Rd8 {[%emt 0:00:11]} 25. a3 {[%emt 0:00:09]} a4 {[%emt 0:00:10]} 26. Qc4 {[%emt 0:00:09]} Qxb2 {[%emt 0:00:14]} 27. Ba5 {[%emt 0:00:12]} b6 {[%emt 0:00:11]} 28. Qxc6+ {[%emt 0:00:18]} Kf8 29. Bb4 {[%emt 0:00:03]} Bxb4 {[%emt 0:00:18]} 30. axb4 {[%emt 0:00:09]} Qxb4 {[%emt 0:00:10]} 31. Rfd1 {[%emt 0:00:18]} Kg7 {[%emt 0:00:10]} 32. Rb1 {[%emt 0:00:04]} Qc3 {[%emt 0:00:11]} 33. Bxd5 {[%emt 0:00:10]} Rxd5 {[%emt 0:00:10]} 34. Qxc3 {[%emt 0:00:09]} 1-0

[Event "9th Bangabandhu Blitz Men 2021"]
[Site "Dhaka"]
[Date "2021.04.03"]
[Round "5.6"]
[White "Anata, Choudhury"]
[Black "Mohammed Abdul, Malek"]
[Result "1-0"]
[WhiteElo "2184"]
[BlackElo "2125"]
[Annotator "NA"]
[PlyCount "63"]
[EventDate "2021.04.02"]
[EventType "swiss"]
[EventCountry "BAN"]
[SourceTitle "playchess.com"]
[Source "ChessBase"]
[SourceQuality "1"]
[TimeControl "1500+10"]

1. e4 {[%emt 0:22:09]} d5 {[%emt 0:22:06]} 2. exd5 {[%emt 0:00:09]} Qxd5 {[%emt 0:00:09]} 3. Nf3 {[%emt 0:00:09]} Nf6 {[%emt 0:00:14]} 4. d4 {[%emt 0:00:10]} Bg4 {[%emt 0:00:24]} 5. Be2 {[%emt 0:00:10]} e6 {[%emt 0:00:11]} 6. O-O {[%emt 0:00:12]} Be7 {[%emt 0:00:09]} 7. c4 {[%emt 0:00:10]} Qd8 {[%emt 0:00:09]} 8. Nc3 {[%emt 0:00:10]} O-O {[%emt 0:00:10]} 9. Be3 {[%emt 0:00:10]} c6 {[%emt 0:00:09]} 10. h3 {[%emt 0:00:12]} Bh5 {[%emt 0:00:09]} 11. Qb3 {[%emt 0:00:10]} Qc8 {[%emt 0:00:22]} 12. Rfd1 {[%emt 0:00:11]} Nbd7 {[%emt 0:00:18]} 13. Rac1 {[%emt 0:00:10]} a5 {[%emt 0:00:11]} 14. a3 {[%emt 0:00:23]} Qc7 {[%emt 0:00:43]} 15. d5 {[%emt 0:01:10]} Nc5 {[%emt 0:00:24]} 16. Qa2 {[%emt 0:00:39]} a4 {[%emt 0:00:24]} 17. dxe6 {[%emt 0:00:24]} Nxe6 {[%emt 0:00:10]} 18. Nd4 {[%emt 0:00:17]} Nxd4 {[%emt 0:00:16]} 19. Bxd4 {[%emt 0:00:14]} Bg6 {[%emt 0:00:19]} 20. Bd3 {[%emt 0:00:15]} Rfd8 {[%emt 0:00:26]} 21. Bxg6 {[%emt 0:00:09]} hxg6 {[%emt 0:00:09]} 22. Qb1 {[%emt 0:00:10]} Qf4 {[%emt 0:00:19]} 23. Ne2 {[%emt 0:00:26]} Qf5 {[%emt 0:00:27]} 24. Bb6 {[%emt 0:00:17]} Rxd1+ {[%emt 0:00:20]} 25. Rxd1 {[%emt 0:00:09]} Qxb1 {[%emt 0:00:14]} 26. Rxb1 {[%emt 0:00:09]} Nd7 {[%emt 0:00:10]} 27. Bd4 {[%emt 0:00:11]} Bf6 {[%emt 0:00:21]} 28. Rd1 {[%emt 0:00:09]} Re8 {[%emt 0:00:12]} 29. Nc3 {[%emt 0:00:13]} Bxd4 {[%emt 0:00:15]} 30. Rxd4 {[%emt 0:00:33]} Nc5 {[%emt 0:00:10]} 31. Kf1 {[%emt 0:00:10]} Kf8 {[%emt 0:00:10]} 32. h4 {[%emt 0:00:10]} 1-0

[Event "9th Bangabandhu Blitz Men 2021"]
[Site "Dhaka"]
[Date "2021.04.03"]
[Round "5.7"]
[White "Ahmed, Sheikh Nasir"]
[Black "Asaduzzaman, Ahad"]
[Result "1/2-1/2"]
[WhiteElo "2176"]
[BlackElo "1742"]
[Annotator "NA"]
[PlyCount "114"]
[EventDate "2021.04.02"]
[EventType "swiss"]
[EventCountry "BAN"]
[SourceTitle "playchess.com"]
[Source "ChessBase"]
[SourceQuality "1"]
[TimeControl "1500+10"]

1. e4 {[%emt 0:22:11]} Nc6 {[%emt 0:22:08]} 2. d4 {[%emt 0:00:11]} e5 {[%emt 0:00:08]} 3. Nf3 {[%emt 0:00:09]} exd4 {[%emt 0:00:10]} 4. Nxd4 {[%emt 0:00:09]} Qf6 {[%emt 0:00:18]} 5. Nb5 {[%emt 0:00:09]} Qd8 {[%emt 0:00:19]} 6. N1c3 {[%emt 0:00:43]} a6 {[%emt 0:00:17]} 7. Nd4 {[%emt 0:00:09]} Bc5 {[%emt 0:00:14]} 8. Nxc6 {[%emt 0:00:15]} bxc6 {[%emt 0:00:11]} 9. Bc4 {[%emt 0:00:13]} Qf6 {[%emt 0:00:26]} 10. O-O {[%emt 0:00:15]} Nh6 {[%emt 0:00:14]} 11. e5 {[%emt 0:00:18]} Qh4 {[%emt 0:00:17]} 12. Be2 {[%emt 0:01:09]} O-O {[%emt 0:00:37]} 13. g3 {[%emt 0:00:10]} Qe7 {[%emt 0:00:11]} 14. Bxh6 {[%emt 0:00:12]} gxh6 {[%emt 0:00:09]} 15. Bd3 {[%emt 0:00:36]} Bb6 {[%emt 0:00:54]} 16. Qg4+ {[%emt 0:00:15]} Qg5 {[%emt 0:00:10]} 17. Qe4 {[%emt 0:00:13]} Qg7 {[%emt 0:00:13]} 18. Rae1 {[%emt 0:00:14]} Kh8 {[%emt 0:00:16]} 19. Qh4 {[%emt 0:00:10]} d5 {[%emt 0:00:21]} 20. exd6 {[%emt 0:00:14]} cxd6 {[%emt 0:00:12]} 21. Ne4 {[%emt 0:00:12]} d5 {[%emt 0:00:26]} 22. Nf6 {[%emt 0:00:09]} Bd8 {[%emt 0:00:10]} 23. Nh5 {[%emt 0:00:16]} Bxh4 {[%emt 0:00:17]} 24. Nxg7 {[%emt 0:00:09]} Kxg7 {[%emt 0:00:22]} 25. gxh4 Bh3 {[%emt 0:00:00]} 26. Re3 {[%emt 0:00:19]} Bxf1 {[%emt 0:00:08]} 27. Kxf1 {[%emt 0:00:10]} Rae8 {[%emt 0:00:09]} 28. Rg3+ {[%emt 0:00:09]} Kh8 {[%emt 0:00:09]} 29. Rf3 {[%emt 0:00:10]} Re6 {[%emt 0:00:11]} 30. Bxa6 {[%emt 0:00:09]} f6 {[%emt 0:00:10]} 31. Bd3 {[%emt 0:00:10]} Kg7 {[%emt 0:00:09]} 32. Rg3+ {[%emt 0:00:09]} Kh8 {[%emt 0:00:10]} 33. a4 {[%emt 0:00:09]} c5 {[%emt 0:00:10]} 34. b3 {[%emt 0:00:10]} Rfe8 {[%emt 0:00:10]} 35. Rf3 {[%emt 0:00:11]} Kg7 {[%emt 0:00:10]} 36. Rf5 {[%emt 0:00:09]} Re5 {[%emt 0:00:09]} 37. Rf3 {[%emt 0:00:09]} Rf8 {[%emt 0:00:10]} 38. Rg3+ {[%emt 0:00:10]} Kh8 {[%emt 0:00:09]} 39. Bb5 {[%emt 0:00:11]} Rg8 {[%emt 0:00:09]} 40. Rf3 {[%emt 0:00:09]} f5 {[%emt 0:00:10]} 41. Bd3 {[%emt 0:00:11]} Rf8 {[%emt 0:00:10]} 42. a5 {[%emt 0:00:10]} Kg7 {[%emt 0:00:10]} 43. a6 {[%emt 0:00:09]} Kf6 {[%emt 0:00:11]} 44. Rg3 {[%emt 0:00:11]} Rf7 {[%emt 0:00:10]} 45. Rg8 {[%emt 0:00:11]} Ra7 {[%emt 0:00:09]} 46. Rb8 {[%emt 0:00:13]} Re6 {[%emt 0:00:12]} 47. Rd8 {[%emt 0:00:12]} Ke5 {[%emt 0:00:09]} 48. Rf8 {[%emt 0:00:10]} Rf6 {[%emt 0:00:10]} 49. Rb8 {[%emt 0:00:11]} Kd4 {[%emt 0:00:10]} 50. Rd8 {[%emt 0:00:12]} f4 {[%emt 0:00:11]} 51. Kg2 {[%emt 0:00:11]} f3+ {[%emt 0:00:09]} 52. Kh3 {[%emt 0:00:10]} Rg7 {[%emt 0:00:12]} 53. Rb8 {[%emt 0:00:13]} Rf4 {[%emt 0:00:09]} 54. Rb7 {[%emt 0:00:17]} Rgg4 {[%emt 0:00:09]} 55. a7 {[%emt 0:00:09]} Rxh4+ {[%emt 0:00:26]} 56. Kg3 Rhg4+ {[%emt 0:00:00]} 57. Kh3 {[%emt 0:00:15]} Ke5 {[%emt 0:00:20]} 1/2-1/2